Numerical analysis of variational inequalities

Gespeichert in:
Bibliographische Detailangaben
1. Verfasser: Glowinski, Roland
Weitere Verfasser: Lions, Jacques-Louis, Trémoliéres, Raymond
Format: Buch
Sprache:Englisch
Veröffentlicht: Amsterdam North-Holland Pub. Co. 1981
Schriftenreihe:Studies in mathematics and its applications vol. 8
Tags: Tag hinzufügen
Keine Tags, Fügen Sie das erste Tag hinzu!

MARC

LEADER 00000nam a2200000 4500
001 c135070
005 20041019155303.2
041 0 |a eng 
044 |a NL 
245 1 0 |a Numerical analysis of variational inequalities  |c Roland Glowinski, Jacques-Louis Lions, Raymond Trémoliéres 
264 1 |a Amsterdam  |b North-Holland Pub. Co.  |c 1981 
300 |a 776 s. 
490 1 |a Studies in mathematics and its applications  |v vol. 8 
830 0 |a Studies in mathematics and its applications  |v vol. 8 
100 1 |a Glowinski, Roland 
700 1 |a Lions, Jacques-Louis 
700 1 |a Trémoliéres, Raymond